Ústavná sťažnosť v Rakúsku, Nemecku, Švajčiarsku a Lichtenštajnsku
Právna úprava ústavnej sťažnosti v krajinách, v ktorých je úradným jazykom nemčina. Rakúsko: sťažnosť v rámci osobitného správneho súdnictva a kontrola súladu právnych predpisov. Nemecko: existencia Spolkového ústavného súdu a siete ústavných súdov na krajinskej úrovni. Švajčiarsko: spory v oblasti...
Salvato in:
| Autore principale: | |
|---|---|
| Natura: | Capitolo di libro |
| Lingua: | slovacco |
| Soggetti: | |
| Tags: |
Nessun Tag, puoi essere il primo ad aggiungerne!!
|
MARC
| LEADER | 00000naa$a2200000$$$4500 | ||
|---|---|---|---|
| 001 | 0049371 | ||
| 005 | 20240502071553.9 | ||
| 041 | 0 | |a slo | |
| 044 | |a SK | ||
| 245 | 1 | 0 | |a Ústavná sťažnosť v Rakúsku, Nemecku, Švajčiarsku a Lichtenštajnsku |c Roman Jurík |
| 520 | |a Právna úprava ústavnej sťažnosti v krajinách, v ktorých je úradným jazykom nemčina. Rakúsko: sťažnosť v rámci osobitného správneho súdnictva a kontrola súladu právnych predpisov. Nemecko: existencia Spolkového ústavného súdu a siete ústavných súdov na krajinskej úrovni. Švajčiarsko: spory v oblasti ústavného súdnictva riešené Spolkovým súdom, najvyšším súdnym orgánom Švajčiarska. Lichtenštajnsko: riešenie sporov Štátnym súdnym dvorom, ktorý rozhoduje aj o individuálnych sťažnostiach. Spoločné znaky a odlišnosti riešenia ústavných sťažností v uvedených štátoch. | ||
| 610 | 2 | 0 | |a súdnictvo |
| 610 | 2 | 0 | |a súdy |
| 610 | 2 | 0 | |a spory súdne |
| 610 | 2 | 0 | |a ústava |
| 610 | 2 | 0 | |a sťažnosti |
| 610 | 2 | 0 | |a moc verejná |
| 610 | 2 | 0 | |a právo občianske |
| 610 | 2 | 0 | |a subsidiarita |
| 100 | 1 | |a Jurík, Roman | |